000 01541nam0a2200337 4500
001 RU\NLR\bibl\45566
005 20250616082205.0
010 _a5-93020-004-1
_95000
021 _aRU
_b98-45926
_92211
035 _a(NLR Aleph) 000044438
090 _a234615
_c234615
100 _a19990901d1998 |||y0rusy50 ca
101 0 _arus
102 _aRU
105 _aa |||||||||
200 1 _aЛес и нефть Ханты-Мансийского автономного округа
_fБ.Е. Чижов
_g[Предисл. В.В. Козина, д.г.н., проф., акад.]
_gЭкол. фонд Хаты-Мансийс. округа
210 _aТюмень
_cЮ. Мандрика
_d1998
215 _a141 с., [24] л. цв. ил.
_cил.
_d27
300 _aВ предисл. авт.: чл.-корр. РАЕН, засл. лесовод России Б.Е. Чижов
320 _aБиблиогр.: с. 133-139
606 1 _aНефть
_xМесторождения
_yХанты-Мансийский автономный округ-Югра
_92248413
_3RU\NLR\auth\661348797
606 0 _aЛеса
_xВлияние нефтедобычи
_yХанты-Мансийский автономный округ-Югра
_92108693
_3RU\NLR\auth\661274599
686 _aП342.5(2Р53)
686 _aД454.1-09(2Р53-4Тю-6Х)
700 1 _aЧижов
_bБ. Е.
_gБорис Ефимович
_4070
801 0 _aRU
_bNLR
_c19990901
_gPSBO
801 1 _aRU
_bNLR
_c19990901
852 _aNLR
_j99-7/1427
942 _cBOOK
980 _aNB